[Event "ICS rated standard match"]
[Site "204.178.125.65"]
[Date "2000.03.24"]
[Round "?"]
[White "Rath"]
[Black "Hossa"]
[Result "0-1"]
[WhiteElo "2227"]
[BlackElo "2235"]
[PlyCount "78"]

1. e4 c5 2. Nf3 d6 3. d4 cxd4 4. Nxd4 Nf6 5. Nc3 a6 6. Be3 e5 7. Nb3 Be7 8. f3
Be6 9. Qd2 O-O 10. O-O-O b5 11. g4 b4 12. Na4 Nbd7 13. h4 Re8 14. h5 h6 15. g5
hxg5 16. h6 g6 17. Bh3 g4 18. h7+ Kh8 19. Bxg4 Bxg4 20. fxg4 Qc7 21. Qxb4 Rac8
22. Nc3 d5 23. Qa5 Qxa5 24. Nxa5 d4 25. g5 Ng4 26. Bg1 Bxg5+ 27. Kb1 Ndf6 28.
Nd5 Nxe4 29. Nb7 Rb8 30. Na5 Rb5 31. Nc7 Nc3+ 32. Ka1 Nxd1 33. Nxb5 axb5 34.
Bxd4 exd4 35. Rxd1 Ne3 36. Rg1 Nxc2+ 37. Kb1 d3 38. Nc6 Re1+ 39. Rxe1 Nxe1 0-1

[Event "ICS rated standard match"]
[Site "204.178.125.65"]
[Date "2000.03.24"]
[Round "?"]
[White "Hossa"]
[Black "Rath"]
[Result "1-0"]
[WhiteElo "2251"]
[BlackElo "2211"]
[PlyCount "75"]

1. e4 d5 2. exd5 Qxd5 3. Nc3 Qd8 4. Nf3 Nf6 5. Bc4 Bf5 6. O-O e6 7. Nh4 Bg6 8.
d3 Be7 9. Nxg6 hxg6 10. Bg5 c6 11. Qe2 Nd5 12. Bxd5 Bxg5 13. Bxe6 fxe6 14.
Qxe6+ Be7 15. Qxg6+ Kf8 16. Rae1 Nd7 17. Re6 Rh6 18. Qf5+ Rf6 19. Qh3 Kg8 20.
Qg4 Rxe6 21. Qxe6+ Kf8 22. Re1 Bf6 23. Qd6+ Kg8 24. Ne4 Be5 25. Qe6+ Kf8 26.
Qf5+ Bf6 27. Ng5 Qc8 28. b4 Nb6 29. Re6 Nd5 30. Nh7+ Kf7 31. c4 Ne7 32. Ng5+
Kf8 33. Rxf6+ gxf6 34. Qxf6+ Ke8 35. Ne6 Rb8 36. Qf8+ Kd7 37. Nc5+ Kd6 38. Qf4#
1-0

[Event "ICS rated blitz match"]
[Site "204.178.125.65"]
[Date "2000.03.24"]
[Round "?"]
[White "QueenMaxima"]
[Black "Hossa"]
[Result "0-1"]
[WhiteElo "2454"]
[BlackElo "2525"]
[PlyCount "96"]

1. g3 d5 2. Nf3 Nf6 3. Bg2 Nc6 4. d3 e5 5. Nbd2 Bd6 6. O-O O-O 7. e4 Bg4 8.
exd5 Nxd5 9. h3 Bh5 10. Nc4 a5 11. c3 Re8 12. Qb3 Ra7 13. Qb5 Nb6 14. Bg5 Qd7
15. Nxb6 cxb6 16. Qxb6 Ra6 17. Qb3 a4 18. Qd1 a3 19. b4 b5 20. Re1 Be7 21. Bc1
Rd8 22. Nxe5 Nxe5 23. Qxh5 Nxd3 24. Rd1 Rd6 25. Bxa3 Qa7 26. Be4 Qxf2+ 27. Kh1
g6 28. Qxb5 Qxg3 29. Bxd3 Rd5 30. Qxd5 Rxd5 31. Rd2 Rg5 32. Be4 Qxc3 33. Rad1
Qxh3+ 34. Rh2 Qxa3 35. Bg2 Bd6 36. Rh3 Qxa2 37. Bf3 Bxb4 38. Rh2 Qb3 39. Rf1 f6
40. Rg2 Rh5+ 41. Bxh5 Qh3+ 42. Kg1 Bc5+ 43. Rgf2 gxh5 44. Ra1 Qg3+ 45. Kh1 Qxf2
46. Ra8+ Kf7 47. Ra7+ Ke6 48. Ra3 Qg1# 0-1

[Event "ICS rated blitz match"]
[Site "204.178.125.65"]
[Date "2000.03.24"]
[Round "?"]
[White "Hossa"]
[Black "QueenMaxima"]
[Result "0-1"]
[WhiteElo "2538"]
[BlackElo "2441"]
[PlyCount "122"]

1. d4 f5 2. c4 d6 3. Nf3 g6 4. Nc3 Nf6 5. Bg5 Bg7 6. e3 c6 7. Bd3 Nbd7 8. O-O
e5 9. e4 h6 10. Be3 f4 11. Bc1 Ke7 12. c5 dxc5 13. dxe5 Ng4 14. e6 Nde5 15.
Nxe5 Nxe5 16. Be2 Qxd1 17. Rxd1 f3 18. gxf3 Bxe6 19. f4 Nd7 20. e5 g5 21. fxg5
Nxe5 22. Ne4 Nd7 23. Nd6 Rab8 24. gxh6 Bxh6 25. Bc4 Rbg8+ 26. Kh1 Bxc1 27.
Raxc1 Ne5 28. Rc3 Ng4 29. Nc8+ Rxc8 30. Re1 Rh6 31. f3 Nf2+ 32. Kg2 Nh3 33.
Rxe6+ Rxe6 34. Kxh3 Rg6 35. Re3+ Kd7 36. Re4 Rf8 37. Be2 Rh8+ 38. Rh4 Rxh4+ 39.
Kxh4 Rg2 40. Bc4 Rxh2+ 41. Kg3 Rxb2 42. f4 b5 43. Bf7 c4 44. a3 c3 45. Bg6 c2
46. Bf5+ Ke7 47. Bxc2 Rxc2 48. Kg4 Kf6 49. Kf3 a5 50. Ke3 Rh2 51. Kd4 b4 52.
axb4 a4 53. Kc5 Rc2+ 54. Kd4 a3 55. Kd3 Rb2 56. b5 Rxb5 57. Ke3 a2 58. Kd2 a1=Q
59. Kc2 Qd4 60. Kc1 Rb2 61. f5 Qd2# 0-1

[Event "ICS rated blitz match"]
[Site "204.178.125.65"]
[Date "2000.03.24"]
[Round "?"]
[White "Bannon"]
[Black "Hossa"]
[Result "0-1"]
[WhiteElo "2041"]
[BlackElo "2518"]
[PlyCount "80"]

1. e4 e5 2. Nf3 Nc6 3. Bb5 d6 4. O-O Bd7 5. d4 exd4 6. Nxd4 Nf6 7. Nc3 Be7 8.
f4 Nxd4 9. Qxd4 Bxb5 10. Nxb5 c6 11. Nc3 O-O 12. Kh1 Ng4 13. h3 Nf6 14. g4 d5
15. e5 Nd7 16. Be3 Re8 17. Rad1 Bc5 18. Qxc5 Nxc5 19. Bxc5 h5 20. Kg2 hxg4 21.
hxg4 Qh4 22. g5 Qg4+ 23. Kh2 b6 24. Bd6 Qh4+ 25. Kg2 a5 26. Rd3 Qg4+ 27. Rg3
Qf5 28. Rf2 d4 29. Ne2 Qxc2 30. Nxd4 Qe4+ 31. Nf3 Qxf4 32. Nh2 Qe4+ 33. Kh3 Qb1
34. g6 fxg6 35. Rfg2 Qf5+ 36. Rg4 g5 37. R2g3 Qh7+ 38. Kg2 Qc2+ 39. Kh3 Kf7 40.
Rf3+ Kg6 0-1

[Event "ICS rated blitz match"]
[Site "204.178.125.65"]
[Date "2000.03.24"]
[Round "?"]
[White "Hossa"]
[Black "QueenMaxima"]
[Result "1-0"]
[WhiteElo "2520"]
[BlackElo "2461"]
[PlyCount "99"]

1. e4 c5 2. Nf3 d6 3. d4 cxd4 4. Nxd4 Nf6 5. Nc3 a6 6. Bg5 e6 7. f4 Qc7 8. Qf3
Nc6 9. Nxc6 Qxc6 10. O-O-O Nd7 11. Kb1 b6 12. Rd2 Bb7 13. f5 exf5 14. Nd5 fxe4
15. Qxe4+ Ne5 16. Bf4 f6 17. Qe3 b5 18. Be2 Kd8 19. Bxe5 fxe5 20. Bf3 a5 21.
Qg5+ Kc8 22. Bg4+ Kb8 23. Qd8+ Ka7 24. Qxa5+ Kb8 25. Qd8+ Ka7 26. Qc7 Rb8 27.
Qf7 Qc4 28. b3 Qc6 29. Rhd1 b4 30. g3 Qc5 31. Qd7 Qc6 32. Nxb4 Qxd7 33. Bxd7
Kb6 34. Nd5+ Ka7 35. a4 Ka6 36. Rf2 Ba8 37. Bb5+ Ka7 38. Nc7 Kb6 39. Rf7 Bf3
40. a5+ Kxa5 41. Rxf3 Rc8 42. Rc3 Rxc7 43. Rxc7 Kxb5 44. Rd5+ Ka6 45. b4 Kb6
46. Rf7 g6 47. c4 h6 48. Rb5+ Kc6 49. Rfb7 e4 50. R5b6# 1-0

[Event "ICS rated blitz match"]
[Site "204.178.125.65"]
[Date "2000.03.24"]
[Round "?"]
[White "QueenMaxima"]
[Black "Hossa"]
[Result "1-0"]
[WhiteElo "2448"]
[BlackElo "2533"]
[PlyCount "115"]

1. Nf3 d5 2. d4 e6 3. c4 dxc4 4. e3 b5 5. a4 c6 6. axb5 cxb5 7. b3 cxb3 8.
Bxb5+ Bd7 9. Qxb3 Nf6 10. O-O Bxb5 11. Qxb5+ Nbd7 12. Qa6 Bb4 13. Bb2 O-O 14.
Rc1 Nb6 15. Na3 Re8 16. Nb5 Bd6 17. Rc6 Ne4 18. Nxa7 Nd5 19. Qd3 Qb8 20. Qxe4
Qxb2 21. Rb1 Qe2 22. Re1 Qa2 23. Rxd6 Qxa7 24. Rc6 Qb7 25. Rc2 Ra3 26. Ng5 g6
27. Nf3 Rb3 28. Nd2 f5 29. Qf3 Qb4 30. Rd1 Rc3 31. Rxc3 Qxc3 32. Qe2 Qc2 33.
Qe1 Nc3 34. Ra1 Qd3 35. Nf3 Ne2+ 36. Kh1 Qc2 37. Rd1 Qc4 38. Ne5 Qa6 39. Nd3
Nxd4 40. exd4 Qb5 41. Qe3 Qa4 42. Rb1 Qc2 43. Rc1 Qa2 44. Nb4 Qa4 45. Nc6 Qa2
46. f4 Kg7 47. Ne5 Ra8 48. Nf3 Ra3 49. Rc7+ Kh6 50. Qe1 g5 51. fxg5+ Kg6 52.
Ne5+ Kxg5 53. Qc1+ Qd2 54. Qxd2+ Re3 55. Qxe3+ f4 56. h4+ Kxh4 57. Qxf4+ Kh5
58. Rxh7# 1-0

[Event "ICS rated standard match"]
[Site "204.178.125.65"]
[Date "2000.03.24"]
[Round "?"]
[White "Beadle"]
[Black "Hossa"]
[Result "1-0"]
[WhiteElo "2480"]
[BlackElo "2265"]
[PlyCount "121"]

1. Nf3 d5 2. d4 e6 3. c4 dxc4 4. Qa4+ Nc6 5. Qxc4 Nf6 6. Bg5 Be7 7. Bxf6 Bxf6
8. e3 O-O 9. Nc3 Be7 10. Bd3 Bd7 11. Qb3 Bd6 12. a3 Rb8 13. O-O g6 14. Ne4 Qe7
15. Rac1 Rfe8 16. Kh1 Rf8 17. Nfg5 f5 18. Nxd6 cxd6 19. f4 d5 20. Nf3 Rfc8 21.
Rc5 Rc7 22. Rfc1 Rbc8 23. Qc2 a6 24. Qf2 Be8 25. Qe1 b6 26. R5c3 b5 27. R1c2
Qf7 28. Qc1 Bd7 29. a4 b4 30. Rc5 b3 31. R2c3 Qe8 32. Bxa6 Rb8 33. Bb5 Rb6 34.
Ne5 Nxe5 35. Bxd7 Nxd7 36. Rxc7 Nf8 37. R3c6 Rb8 38. Qc5 g5 39. Rc8 Rxc8 40.
Rxc8 Qf7 41. Rxf8+ Qxf8 42. Qxf8+ Kxf8 43. a5 Kf7 44. a6 g4 45. a7 Ke7 46. h4
gxh3 47. gxh3 h5 48. a8=Q h4 49. Qc8 e5 50. dxe5 d4 51. exd4 Kf7 52. Qd7+ Kg6
53. Qe6+ Kg7 54. Qxb3 Kf8 55. Qe6 Kg7 56. Qf6+ Kg8 57. Kg2 Kh7 58. Qf8 Kg6 59.
Qg8+ Kh6 60. e6 Kh5 61. Qg5# 1-0

[Event "ICS rated standard match"]
[Site "204.178.125.65"]
[Date "2000.03.24"]
[Round "?"]
[White "Hossa"]
[Black "carjumut"]
[Result "1-0"]
[WhiteElo "2258"]
[BlackElo "2071"]
[PlyCount "87"]

1. e4 c5 2. Nf3 d6 3. d4 cxd4 4. Nxd4 Nf6 5. Nc3 a6 6. Bg5 e6 7. f4 Be7 8. Qf3
Nc6 9. O-O-O Qb6 10. Nxc6 Qxc6 11. e5 Qxf3 12. gxf3 dxe5 13. fxe5 Nd5 14. Nxd5
Bxg5+ 15. f4 exd5 16. fxg5 Bf5 17. Bd3 Be6 18. Rhf1 O-O-O 19. Bf5 Rhf8 20. Rxd5
Bxf5 21. Rxd8+ Kxd8 22. Rxf5 Ke7 23. Rf3 Ke6 24. Re3 Rd8 25. Rh3 Rd5 26. Rxh7
g6 27. Rh8 Rxe5 28. h4 Kf5 29. b3 f6 30. gxf6 Kxf6 31. Rf8+ Kg7 32. Rf4 Rf5 33.
Rd4 Kh6 34. Kb2 Kh5 35. a4 Rf2 36. Rd7 b5 37. Rd4 Rg2 38. a5 Rg4 39. Rd6 Rxh4
40. Rxa6 g5 41. Rb6 g4 42. a6 Kg5 43. Rxb5+ Kf4 44. a7 1-0

[Event "ICS rated blitz match"]
[Site "204.178.125.65"]
[Date "2000.03.24"]
[Round "?"]
[White "Ricely"]
[Black "Hossa"]
[Result "0-1"]
[WhiteElo "1994"]
[BlackElo "2513"]
[PlyCount "34"]

1. d4 d5 2. c4 c6 3. cxd5 cxd5 4. Nc3 Nf6 5. Bf4 Qb6 6. a3 Qxb2 7. Na4 Qb5 8.
e3 Qa5+ 9. Ke2 Bd7 10. Nc5 e6 11. f3 Bxc5 12. dxc5 Bb5+ 13. Kf2 Bxf1 14. Qxf1
Nbd7 15. Bd6 Nxc5 16. Ne2 Nce4+ 17. fxe4 Nxe4+ 0-1

[Event "ICS rated blitz match"]
[Site "204.178.125.65"]
[Date "2000.03.24"]
[Round "?"]
[White "Hossa"]
[Black "Ricely"]
[Result "1-0"]
[WhiteElo "2515"]
[BlackElo "1992"]
[PlyCount "37"]

1. e4 c5 2. c3 e6 3. d4 d5 4. exd5 exd5 5. Nf3 Nc6 6. Bb5 Bd6 7. O-O h6 8. dxc5
Bxc5 9. b4 Bd6 10. c4 dxc4 11. Bxc4 Nge7 12. Bb2 O-O 13. b5 Na5 14. Be2 Be6 15.
Nbd2 Bc5 16. Ne4 Bb6 17. Qe1 Nc4 18. Bxc4 Bxc4 19. Qc3 1-0

[Event "ICS rated blitz match"]
[Site "204.178.125.65"]
[Date "2000.03.24"]
[Round "?"]
[White "Ricely"]
[Black "Hossa"]
[Result "0-1"]
[WhiteElo "1986"]
[BlackElo "2521"]
[PlyCount "50"]

1. d4 Nf6 2. c4 e6 3. Nc3 Bb4 4. e3 O-O 5. Bd3 d5 6. Nf3 dxc4 7. Bxc4 c5 8. O-O
cxd4 9. exd4 Nbd7 10. Qe2 Nb6 11. Bb3 Bd7 12. Ne5 Rc8 13. Bd2 Bc6 14. Nxc6 Rxc6
15. Rad1 Bxc3 16. bxc3 Qc7 17. Rfe1 Nfd5 18. Qg4 Nxc3 19. Bh6 f5 20. Qg5 Nxd1
21. Rxd1 Rf6 22. d5 exd5 23. Qe3 Rfe6 24. Bf4 Rxe3 25. Bxc7 Rxb3 0-1

[Event "ICS rated blitz match"]
[Site "204.178.125.65"]
[Date "2000.03.24"]
[Round "?"]
[White "Hossa"]
[Black "Ricely"]
[Result "1-0"]
[WhiteElo "2524"]
[BlackElo "1983"]
[PlyCount "67"]

1. Nf3 d5 2. c4 c6 3. g3 Bg4 4. Bg2 e6 5. cxd5 exd5 6. O-O Nd7 7. Nc3 Ngf6 8.
d3 Be7 9. Bf4 O-O 10. Qc2 Re8 11. Rac1 Bf8 12. a3 a5 13. Rfe1 h6 14. d4 Bh5 15.
Ne5 Nxe5 16. Bxe5 Nd7 17. Bf4 Bg6 18. e4 dxe4 19. Bxe4 Bxe4 20. Rxe4 Nf6 21.
Rxe8 Qxe8 22. Be5 Qe6 23. Bxf6 Qxf6 24. Qe4 Rd8 25. Rd1 Qg5 26. Qf3 Qg6 27. Qe2
h5 28. Qe5 Qc2 29. Qc7 Re8 30. Qxb7 Bxa3 31. Qxc6 Bxb2 32. Qxe8+ Kh7 33. Qe4+
Qxe4 34. Nxe4 1-0

[Event "ICS rated blitz match"]
[Site "204.178.125.65"]
[Date "2000.03.24"]
[Round "?"]
[White "Hossa"]
[Black "Ricely"]
[Result "1/2-1/2"]
[WhiteElo "2526"]
[BlackElo "1981"]
[PlyCount "79"]

1. e4 c5 2. Nf3 e6 3. d4 cxd4 4. Nxd4 Nc6 5. Nc3 Qc7 6. g3 a6 7. Bg2 Nf6 8.
Nxc6 dxc6 9. O-O e5 10. Be3 Bg4 11. f3 Rd8 12. Qe2 Be6 13. Qf2 Nd7 14. f4 f6
15. fxe5 Qxe5 16. Bd4 Bc5 17. Rad1 Bxd4 18. Rxd4 Ke7 19. a3 Nc5 20. Rxd8 Rxd8
21. Qe3 Qd4 22. Qxd4 Rxd4 23. Bf3 Nd7 24. Be2 Ne5 25. Rd1 Rxd1+ 26. Nxd1 Bg4
27. Bxg4 Nxg4 28. h3 Ne5 29. Ne3 Ke6 30. Kf2 g6 31. g4 Nf7 32. Nc4 Ng5 33. Ke3
b5 34. Na5 Kd7 35. h4 Ne6 36. b4 Kd6 37. Nb3 Ke5 38. Na5 Kd6 39. Nb3 Ke5 40.
Na5 1/2-1/2

[Event "ICS rated bullet match"]
[Site "204.178.125.65"]
[Date "2000.03.24"]
[Round "?"]
[White "hugo2"]
[Black "Hossa"]
[Result "0-1"]
[WhiteElo "2460"]
[BlackElo "2533"]
[PlyCount "62"]

1. e3 e5 2. Nf3 e4 3. Nd4 c5 4. Nb3 d5 5. d3 exd3 6. cxd3 Nf6 7. Be2 Nc6 8. O-O
Be7 9. Nc3 O-O 10. d4 c4 11. Nd2 Bf5 12. b3 Bb4 13. Bb2 cxb3 14. Nxb3 Rc8 15.
Bd3 Bxc3 16. Bxc3 Bxd3 17. Qxd3 Re8 18. Bb2 Nb4 19. Qd2 Rc4 20. Rfc1 Ne4 21.
Qe2 Rxc1+ 22. Rxc1 Nxa2 23. Ra1 Nac3 24. Bxc3 Nxc3 25. Qd3 Qc7 26. Rxa7 Qb6 27.
Ra3 Qb4 28. Ra1 Qxb3 29. Rc1 Rc8 30. Kh1 Qb2 31. Rg1 Ne4 0-1

[Event "ICS rated bullet match"]
[Site "204.178.125.65"]
[Date "2000.03.24"]
[Round "?"]
[White "Hossa"]
[Black "hugo2"]
[Result "1-0"]
[WhiteElo "2546"]
[BlackElo "2447"]
[PlyCount "111"]

1. d4 d6 2. c4 g6 3. e4 Bg7 4. Nf3 Nf6 5. Nc3 O-O 6. Bg5 c5 7. dxc5 dxc5 8.
Qxd8 Rxd8 9. e5 Ng4 10. Bxe7 Re8 11. Nd5 Nc6 12. Nc7 Rxe7 13. Nxa8 Bf5 14. Be2
Ngxe5 15. O-O Nd4 16. Nxd4 cxd4 17. Rfe1 d3 18. Bd1 d2 19. Re3 Rd7 20. c5 Nc4
21. Re8+ Bf8 22. b4 Kg7 23. g4 Be6 24. g5 Be7 25. Ba4 Rd5 26. Rxe7 Rxg5+ 27.
Kf1 Re5 28. Rxe6 Rxe6 29. Bb3 Re4 30. Rd1 b5 31. Bxc4 bxc4 32. Rxd2 c3 33. Rc2
Rxb4 34. Rxc3 Rb8 35. Nc7 Rc8 36. Nb5 Rc6 37. Nd6 Kf6 38. f4 Ke6 39. Kf2 Kd5
40. Nxf7 Rxc5 41. Rxc5+ Kxc5 42. Ng5 Kc4 43. Nxh7 Kd4 44. Nf8 Kd5 45. Nxg6 Ke4
46. h4 Kf5 47. h5 Kf6 48. h6 Kf5 49. h7 Kf6 50. h8=Q+ Ke6 51. Qe5+ Kd7 52. Qd4+
Kc6 53. Ne5+ Kb5 54. a4+ Ka6 55. Qb2 Ka5 56. Qb5# 1-0

[Event "ICS rated bullet match"]
[Site "204.178.125.65"]
[Date "2000.03.24"]
[Round "?"]
[White "sumak"]
[Black "Hossa"]
[Result "0-1"]
[WhiteElo "2093"]
[BlackElo "2558"]
[PlyCount "22"]

1. e3 e5 2. d4 exd4 3. exd4 d5 4. Nf3 Nf6 5. Be2 Bd6 6. O-O O-O 7. c4 dxc4 8.
Bxc4 Nc6 9. h3 Be6 10. Nc3 Bxc4 11. Re1 Re8 0-1

[Event "ICS rated blitz match"]
[Site "204.178.125.65"]
[Date "2000.03.24"]
[Round "?"]
[White "Hossa"]
[Black "Charmander"]
[Result "0-1"]
[WhiteElo "2524"]
[BlackElo "2430"]
[PlyCount "86"]

1. e4 e5 2. Nf3 Nf6 3. Nxe5 d6 4. Nf3 Nxe4 5. d4 d5 6. Bd3 Nc6 7. O-O Be7 8. c4
Nb4 9. Be2 dxc4 10. Bxc4 Nf6 11. Nc3 c6 12. Ne5 O-O 13. a3 Nbd5 14. Re1 Nb6 15.
Bb3 Bf5 16. Bg5 Be6 17. Bxe6 fxe6 18. Qc2 Rc8 19. Qb3 Nfd5 20. Bxe7 Qxe7 21.
Ne4 Nf4 22. g3 Nfd5 23. f4 Rf5 24. Nc5 Rf6 25. a4 a5 26. Nf3 h6 27. Re2 Re8 28.
Rae1 Qc7 29. Rxe6 Rfxe6 30. Rxe6 Rxe6 31. Nxe6 Qe7 32. Nc5 Qe2 33. Nxb7 Nc4 34.
h3 Nce3 35. Nh4 Qe1+ 36. Kh2 Qf2+ 37. Kh1 Qxg3 38. Qc2 Nxc2 39. Ng6 Qxh3+ 40.
Kg1 Nde3 41. Nh4 Qxh4 42. Nxa5 Qg4+ 43. Kh1 Qg2# 0-1

[Event "ICS rated bullet match"]
[Site "204.178.125.65"]
[Date "2000.03.24"]
[Round "?"]
[White "Hossa"]
[Black "kuni"]
[Result "1-0"]
[WhiteElo "2560"]
[BlackElo "1821"]
[PlyCount "73"]

1. e4 d6 2. d4 Nf6 3. Nc3 g6 4. f4 Bg7 5. Nf3 c5 6. dxc5 Qa5 7. Bd3 Qxc5 8. Qe2
O-O 9. Be3 Qa5 10. O-O Nc6 11. Nd2 Ng4 12. Nc4 Qc7 13. Nd5 Qd8 14. Bc1 Bd4+ 15.
Kh1 e6 16. Nde3 Nxe3 17. Nxe3 Qb6 18. c3 Bg7 19. f5 Ne5 20. f6 Bh8 21. Ng4 Nxg4
22. Qxg4 e5 23. Qe2 Be6 24. Be3 Qc7 25. Qf2 b6 26. Rfd1 Rac8 27. Bh6 Rfd8 28.
Qf3 d5 29. exd5 Bxd5 30. Qf2 e4 31. Ba6 Rb8 32. Bf4 Qc5 33. Qxc5 bxc5 34. Bxb8
Rxb8 35. Rxd5 Bxf6 36. Rf1 Bg7 37. Bc4 1-0

[Event "ICS rated bullet match"]
[Site "204.178.125.65"]
[Date "2000.03.24"]
[Round "?"]
[White "kuni"]
[Black "Hossa"]
[Result "0-1"]
[WhiteElo "1821"]
[BlackElo "2560"]
[PlyCount "66"]

1. e4 c5 2. Nf3 Nc6 3. d4 cxd4 4. Nxd4 Nf6 5. Nc3 d6 6. Be2 e5 7. Nf3 h6 8. O-O
Be7 9. h3 O-O 10. Be3 Be6 11. Qd2 d5 12. exd5 Nxd5 13. Nxd5 Qxd5 14. Rfd1 Qxd2
15. Rxd2 Bf5 16. Rad1 Rfd8 17. Rxd8+ Bxd8 18. Rxd8+ Rxd8 19. c3 Bd3 20. Bxd3
Rxd3 21. Kf1 Rd1+ 22. Ke2 Rb1 23. b3 Rb2+ 24. Kd3 Rxa2 25. Bc5 f5 26. Kc4 Na5+
27. Kb4 b6 28. Bd6 e4 29. Nd4 Rxf2 30. Bg3 Rxg2 31. Be5 e3 32. Nxf5 e2 33. Ne7+
Kh7 0-1

[Event "ICS rated bullet match"]
[Site "204.178.125.65"]
[Date "2000.03.24"]
[Round "?"]
[White "Hossa"]
[Black "kuni"]
[Result "1-0"]
[WhiteElo "2560"]
[BlackElo "1821"]
[PlyCount "89"]

1. e4 d5 2. exd5 Qxd5 3. Nc3 Qa5 4. d4 Nf6 5. Nf3 Bg4 6. h3 Bxf3 7. Qxf3 c6 8.
Bc4 e6 9. O-O Be7 10. Ne4 Nbd7 11. Bd2 Qb6 12. Bc3 Nxe4 13. Qxe4 Nf6 14. Qe5
O-O 15. Rfe1 Nd5 16. Bxd5 cxd5 17. a4 Bf6 18. Qf4 Rac8 19. a5 Qc6 20. Bb4 Rfe8
21. c3 Qc4 22. Bd6 Qb3 23. Qd2 Rc6 24. Bc5 b6 25. axb6 axb6 26. Bb4 Rec8 27.
Ra3 Qc4 28. b3 Qb5 29. Rea1 R6c7 30. Ra8 Qc6 31. R8a2 Be7 32. Bxe7 Rxe7 33. Rc1
Rec7 34. Qe3 b5 35. Rcc2 b4 36. cxb4 Qxc2 37. Rxc2 Rxc2 38. Qd3 Rc1+ 39. Kh2
R1c3 40. Qa6 g6 41. b5 R3c7 42. b6 Rc6 43. b7 Rxa6 44. bxc8=Q+ Kg7 45. Qxa6 1-0

[Event "ICS rated blitz match"]
[Site "204.178.125.65"]
[Date "2000.03.24"]
[Round "?"]
[White "Hossa"]
[Black "grosseglen"]
[Result "1-0"]
[WhiteElo "2504"]
[BlackElo "1869"]
[PlyCount "36"]

1. e4 c5 2. Nf3 Nc6 3. d4 cxd4 4. Nxd4 Nf6 5. Nc3 g6 6. Nxc6 bxc6 7. e5 Ng8 8.
Bc4 Bg7 9. Bf4 f5 10. O-O e6 11. Qd6 Ne7 12. Bg5 Kf7 13. Rfd1 h6 14. Be3 Nd5
15. Nxd5 cxd5 16. Bxd5 exd5 17. Qxd5+ Ke8 18. Qxa8 Rf8 1-0

[Event "ICS rated blitz match"]
[Site "204.178.125.65"]
[Date "2000.03.24"]
[Round "?"]
[White "grosseglen"]
[Black "Hossa"]
[Result "0-1"]
[WhiteElo "1868"]
[BlackElo "2505"]
[PlyCount "28"]

1. e4 e5 2. Nf3 Nc6 3. b3 Nf6 4. d3 d5 5. exd5 Nxd5 6. Be2 Bb4+ 7. Bd2 Bxd2+ 8.
Nbxd2 Nc3 9. Qc1 O-O 10. Qb2 Nxe2 11. Kxe2 Bg4 12. Rhe1 Nd4+ 13. Ke3 Qf6 14.
Ne4 Qf4# 0-1

[Event "ICS rated blitz match"]
[Site "204.178.125.65"]
[Date "2000.03.24"]
[Round "?"]
[White "Hossa"]
[Black "grosseglen"]
[Result "1-0"]
[WhiteElo "2506"]
[BlackElo "1867"]
[PlyCount "71"]

1. d4 d5 2. c4 e6 3. Nc3 c6 4. e3 Nf6 5. Nf3 Be7 6. Bd3 O-O 7. Bd2 dxc4 8. Bxc4
Nbd7 9. O-O b5 10. Bd3 Bb7 11. Qc2 Re8 12. Rfc1 a6 13. Ng5 Nf8 14. Nge4 Nd5 15.
a3 b4 16. Ne2 Rc8 17. axb4 Nxb4 18. Bxb4 Bxb4 19. Bxa6 Bxa6 20. Rxa6 f5 21. Qc4
Be7 22. N4g3 Rb8 23. Rc2 c5 24. Nxf5 Kh8 25. Nxe7 Qxe7 26. dxc5 Rec8 27. Nd4 e5
28. Nf5 Qd7 29. Nd6 Rc7 30. b4 Ne6 31. Qd5 h6 32. b5 Rbc8 33. c6 Qd8 34. Qxe6
Rb8 35. Qxe5 Re7 36. c7 1-0

[Event "ICS rated blitz match"]
[Site "204.178.125.65"]
[Date "2000.03.24"]
[Round "?"]
[White "Hossa"]
[Black "grosseglen"]
[Result "1-0"]
[WhiteElo "2508"]
[BlackElo "1865"]
[PlyCount "85"]

1. e4 c6 2. d4 d5 3. Nc3 dxe4 4. Nxe4 Bf5 5. Ng3 Bg6 6. h4 h6 7. Nf3 Nd7 8. h5
Bh7 9. Bd3 Bxd3 10. Qxd3 Ngf6 11. Bd2 e6 12. O-O-O Bd6 13. Ne4 Nxe4 14. Qxe4
Nf6 15. Qe2 Qc7 16. Kb1 O-O-O 17. c4 c5 18. Bc3 Kb8 19. d5 exd5 20. Bxf6 gxf6
21. cxd5 Rhe8 22. Qc4 a6 23. Rhe1 b5 24. Qc3 Be5 25. Qd2 Bf4 26. d6 Bxd2 27.
dxc7+ Kxc7 28. Rxe8 Rxe8 29. Rxd2 Re4 30. Rd5 c4 31. g3 Re2 32. Rd2 Re4 33. Kc1
f5 34. Rd5 f4 35. Rf5 fxg3 36. Rxf7+ Kd6 37. fxg3 Re3 38. Kd2 Re6 39. Nd4 Re5
40. Rf6+ Kc5 41. Ne6+ Kd5 42. Nc7+ Ke4 43. Rf4# 1-0

[Event "ICS rated blitz match"]
[Site "204.178.125.65"]
[Date "2000.03.24"]
[Round "?"]
[White "grosseglen"]
[Black "Hossa"]
[Result "0-1"]
[WhiteElo "1864"]
[BlackElo "2509"]
[PlyCount "34"]

1. a4 e5 2. g3 d5 3. Bg2 Nf6 4. a5 c5 5. c4 dxc4 6. a6 e4 7. axb7 Bxb7 8. Qa4+
Bc6 9. Qxc4 Bd5 10. Qb5+ Nc6 11. Nc3 Rb8 12. Qa4 Rb4 13. Qd1 Bb3 14. d3 Bxd1
15. Kxd1 Na5 16. Bd2 exd3 17. exd3 Rxb2 0-1

[Event "ICS rated blitz match"]
[Site "204.178.125.65"]
[Date "2000.03.24"]
[Round "?"]
[White "Hossa"]
[Black "grosseglen"]
[Result "1-0"]
[WhiteElo "2510"]
[BlackElo "1863"]
[PlyCount "75"]

1. e4 b6 2. d4 Bb7 3. Bd3 c5 4. dxc5 bxc5 5. Nf3 e6 6. Nc3 d6 7. e5 d5 8. Bg5
Be7 9. Nb5 f6 10. Bf4 Nc6 11. exf6 Nxf6 12. Nc7+ Kf7 13. Ng5+ Kg8 14. Ngxe6 Qd7
15. Bf5 g6 16. Bh3 Bd6 17. Nxa8 Bxf4 18. Nxf4 Qe7+ 19. Qe2 Qxe2+ 20. Kxe2 Bxa8
21. Ne6 Ne4 22. f3 Nd6 23. Nxc5 Nd4+ 24. Kd3 N4b5 25. Bd7 Nc7 26. Rae1 Kf7 27.
c3 Rd8 28. Be6+ Kf6 29. Bg4 h5 30. Ne6 Nxe6 31. Rxe6+ Kf7 32. Bh3 g5 33. Re5
Kf6 34. Rhe1 Nc4 35. Rf5+ Kg7 36. Re7+ Kh8 37. Rxg5 Nxb2+ 38. Kd4 1-0

[Event "ICS rated blitz match"]
[Site "204.178.125.65"]
[Date "2000.03.24"]
[Round "?"]
[White "QueenMaxima"]
[Black "Hossa"]
[Result "1/2-1/2"]
[WhiteElo "2486"]
[BlackElo "2511"]
[PlyCount "156"]

1. d4 Nf6 2. Nf3 e6 3. Bf4 d5 4. e3 Bd6 5. Bg3 Bxg3 6. hxg3 Nbd7 7. Nc3 c5 8.
dxc5 Nxc5 9. Qd4 b6 10. O-O-O Bd7 11. g4 O-O 12. Bd3 Bc6 13. Ne5 Bb7 14. g5
Nfe4 15. Bxe4 Nxe4 16. Nxe4 dxe4 17. Rh3 Qxg5 18. Rg3 Qf6 19. Nd7 Qxd4 20. Rxd4
Rfd8 21. Nf6+ Kh8 22. Nh5 Rxd4 23. exd4 Rg8 24. Rc3 e3 25. fxe3 Bxg2 26. Rc7
Bf3 27. Ng3 f6 28. Re7 Bg4 29. Rxa7 h5 30. Ne4 h4 31. Nf2 Bf3 32. Re7 Ra8 33.
Rxe6 h3 34. Nxh3 Bg4 35. Re4 f5 36. Rf4 Bxh3 37. Rh4+ Kg8 38. Rxh3 Rxa2 39. Kb1
Ra4 40. Rf3 g6 41. b3 Ra3 42. e4 Ra5 43. e5 Rd5 44. c3 Kf7 45. Rh3 Kg7 46. Rh2
g5 47. e6 Rd8 48. Rd2 Kf6 49. d5 Re8 50. c4 f4 51. Rh2 g4 52. Rh7 g3 53. Rh6+
Kg5 54. Rh7 f3 55. Rg7+ Kf5 56. Rxg3 Kf4 57. Rg1 f2 58. Rc1 Kf3 59. c5 bxc5 60.
b4 cxb4 61. Kb2 Kg2 62. Kb3 Re7 63. Kxb4 Re8 64. Kb5 Rb8+ 65. Ka6 Kf3 66. Ka7
Rg8 67. e7 Re8 68. Kb6 Rxe7 69. d6 Re3 70. d7 Rd3 71. Kc7 Kg2 72. d8=Q Rxd8 73.
Kxd8 Kf3 74. Ke7 Kg2 75. Rb1 Kf3 76. Rc1 Kg2 77. Rc2 Kg1 78. Rxf2 Kxf2 1/2-1/2

[Event "ICS rated blitz match"]
[Site "204.178.125.65"]
[Date "2000.03.24"]
[Round "?"]
[White "QueenMaxima"]
[Black "Hossa"]
[Result "1/2-1/2"]
[WhiteElo "2464"]
[BlackElo "2507"]
[PlyCount "122"]

1. e4 c5 2. Nf3 d6 3. d4 cxd4 4. Nxd4 Nf6 5. Nd2 Nc6 6. Nxc6 bxc6 7. c4 e5 8.
Bd3 Be7 9. O-O O-O 10. Nf3 Bg4 11. h3 Bh5 12. Re1 Rb8 13. Bc2 Qa5 14. Re3 Rfd8
15. Bd2 Qc7 16. Bb3 Nd7 17. Qe1 Qb7 18. Rb1 Nc5 19. Bc2 Qa6 20. Qf1 Bf6 21. Ra3
Qb7 22. Ba5 Rd7 23. Nd2 Bd8 24. Bxd8 Rdxd8 25. Qe1 Re8 26. Qe3 a6 27. Nb3 Nxb3
28. Rxb3 Qc7 29. Ra3 a5 30. Bb3 Rb4 31. Qg5 Bg6 32. Re1 Rf8 33. Qd2 Rfb8 34.
Rd1 Rd8 35. Qe3 Bh5 36. Re1 Rd7 37. c5 dxc5 38. Qxc5 Rb5 39. Qc2 Qb6 40. Rc1
Rd6 41. Ra4 Qd8 42. Qc3 Bd1 43. Bc2 Rd2 44. Rc4 Bxc2 45. Rxc6 Rb8 46. Rxc2 Rd1+
47. Kh2 Qg5 48. Qxa5 Rf8 49. g3 Rf1 50. Qc5 Rd1 51. f4 Qd8 52. Qxe5 Rd2+ 53.
Rxd2 Qxd2+ 54. Kg1 Qe1+ 55. Kg2 Qe2+ 56. Kg1 Qe1+ 57. Kh2 Qd2+ 58. Kg1 Qe1+ 59.
Kg2 Qe2+ 60. Kg1 Qe1+ 61. Kg2 Qe2+ 1/2-1/2